00970nam a2200229 i 450000100060000000300090000600500170001500700030003200800410003510000480007624501210012426000290024530000210027449000770029565000280037265000240040070000720042483000850049685200210058199900170060295201210061919897ES-MaACL20260127062523.0t|021025s1920 sp ||||1| spa d1 aRoyo Villanova, Antonio,d1869-1958910023510aBolchevismo y sindicalismo b: conferencia... sesión del día 20 de diciembre de 1919 / cAntonio Royo Villanova. aMadrid : bReus, c1920. a62 p. ; c19 cm.1 aPublicaciones de la Real Academia de Jurisprudencia y Legislación ;v8 7aComunismo2embne91121114aSindicalismo917110 aReal Academia de Jurisprudencia y Legislación de España92176120 aPublicaciones de la Real Academia de Jurisprudencia y Legislación ;v89180630 aES-MaACLjL-5179 c19897d19897 00104070aATENEOMbATENEOMcDEPO2d2008-01-17eSCl0oL-5179p1020379r2023-02-23 00:00:00w2023-02-23yMONOGRAFIA